Giáo trình hán ngữ

Nội dung sách giúp người học nắm vững các kỹ năng như: nghe, nói, đọc, viết... rèn luyện kỹ năng giao tiếp tiếng Hán.

সংরক্ষণ করুন:
গ্রন্থ-পঞ্জীর বিবরন
প্রধান লেখক: Dương, Ký Châu
বিন্যাস: গ্রন্থ
ভাষা:Undetermined
প্রকাশিত: Tp. Hồ Chí Minh Trẻ 2004
বিষয়গুলি:
ট্যাগগুলো: ট্যাগ যুক্ত করুন
কোনো ট্যাগ নেই, প্রথমজন হিসাবে ট্যাগ করুন!
Thư viện lưu trữ: Trung tâm Học liệu Trường Đại học Cần Thơ
LEADER 00796nam a2200217Ia 4500
001 CTU_92394
008 210402s9999 xx 000 0 und d
020 |c 26000 
082 |a 495.107 
082 |b Ch125/T.1 
100 |a Dương, Ký Châu 
245 0 |a Giáo trình hán ngữ 
245 0 |c Dương Ký Châu 
260 |a Tp. Hồ Chí Minh 
260 |b Trẻ 
260 |c 2004 
520 |a Nội dung sách giúp người học nắm vững các kỹ năng như: nghe, nói, đọc, viết... rèn luyện kỹ năng giao tiếp tiếng Hán. 
650 |a Chinese language,Tiếng Trung 
650 |x Study and teaching,Học tập và giảng dạy 
904 |i Mai Loan 
980 |a Trung tâm Học liệu Trường Đại học Cần Thơ